|
|
|
|
| LEADER |
00926nam a2200229 a 4500 |
| 001 |
003359642 |
| 008 |
090719s1960 nyu 001 0 eng d |
| 020 |
|
|
|a 0451524349
|
| 040 |
|
|
|a Uk
|c Uk
|
| 082 |
0 |
0 |
|a 822/.9/12
|2 16
|
| 100 |
|
|
|a Shaw, Bernard,
|d 1856-1950
|
| 240 |
1 |
0 |
|a Smaller Collections of Plays
|
| 245 |
1 |
0 |
|a Plays by George Bernard Shaw. Mrs. Warren's Profession. Arms and the Man. Candida. Man and Superman. With a foreword by Eric Bentley.
|
| 260 |
|
|
|a New American Library of World Literature:
|b New York, 1960.
|
| 300 |
|
|
|a 447 p.;
|c 16
|
| 490 |
1 |
|
|a Signet Classic.
|
| 541 |
1 |
|
|e 00014366
|
| 600 |
1 |
|
|a Shaw, Bernard,
|d 1856-1950
|
| 700 |
1 |
|
|a BENTLEY, Eric.
|
| 852 |
4 |
|
|a Ayesha Abed Library
|j General Shelf.
|
| 999 |
|
|
|c 2676
|d 2676
|
| 952 |
|
|
|0 0
|1 0
|2 ddc
|4 0
|6 822_912000000000000_SHA_1960
|7 0
|8 FIC
|9 2458
|a BRACUL
|b BRACUL
|c GEN
|d 2009-07-22
|g 418.00
|l 16
|m 75
|o 822.912 SHA
|p 3010014366
|r 2023-07-31
|s 2023-07-26
|t 1
|w 2009-07-22
|y BK
|